Legal basics : a handbook for educators (Record no. 31967)

MARC details
000 -LEADER
fixed length control field 00574nam a2200181Ia 4500
020 ## - INTERNATIONAL STANDARD BOOK NUMBER
ISBN 0873678060
050 ## - CALL MARK
Classification number KL 130 .K4/
100 ## - STATEMENT OF RESPONSIBILITY--MAIN AUTHOR NAME
Personal name Kelly, Evelyn B.
245 #0 - TITLE STATEMENT
Title Legal basics : a handbook for educators
260 ## - PUBLICATION, DISTRIBUTION, ETC. (IMPRINT)
Place of publication Bloomington
260 ## - PUBLICATION, DISTRIBUTION, ETC. (IMPRINT)
Name of publisher Phi Delta Kappa Educational Foundation
260 ## - PUBLICATION, DISTRIBUTION, ETC. (IMPRINT)
Year of publication 1998
300 ## - PHYSICAL DESCRIPTION
Number of Pages 114 p
650 ## - SUBJECT ADDED ENTRY--TOPICAL TERM
Topical Term Educators--Legal status, laws, etc.--United States--Popular works. Educational law and legislation--United States--Popular works.
942 ## - ADDED ENTRY ELEMENTS (KOHA)
Koha item type Books
Holdings
Withdrawn status Lost status Source of classification or shelving scheme Damaged status Not for loan Permanent Location Current Location Date acquired Accession Number Price effective from Koha item type
    Library of Congress Classification     Law Library Law Library 04/23/2025 0000701 04/23/2025 Books